Statistiken für Finde das versteckte Land mit einem Farbcode #1

Klicken Sie hier um das Quiz zu spielen!

Allgemein

  • Dieses Quiz wurde 34.667 mal gespielt
    (34.665 seit der letzten Aktualisierung)
  • Das Durchschnittsergebnis liegt bei 58 aus 196

Antworten auf der Karte

Die Antworten werden auf der Karte rot bzw. grün angezeigt, abhängig davon wie oft sie richtig erraten wurden.
 

Antwortstatistiken

Land% Korrekt
Deutschland
85%
Frankreich
61%
Russland
60%
Polen
58%
Schweiz
56%
Österreich
55%
Italien
53%
Vereinigte Staaten
53%
Dänemark
48%
China
45%
Spanien
45%
Belgien
42%
Niederlande
41%
Schweden
41%
Tschechien
40%
Vereinigtes Königreich
40%
Kanada
38%
Norwegen
38%
Brasilien
37%
Ungarn
36%
Australien
34%
Griechenland
34%
Indien
34%
Kroatien
34%
Liechtenstein
34%
Luxemburg
33%
Mexiko
33%
Türkei
33%
Ägypten
32%
Finnland
32%
Island
32%
Malta
32%
Serbien
32%
Algerien
31%
Irland
31%
Japan
31%
Slowakei
31%
Südafrika
31%
Ukraine
31%
Albanien
30%
Argentinien
30%
Demokratische Republik Kongo
30%
Iran
30%
Portugal
30%
Republik Kongo
30%
San Marino
30%
Vatikanstadt
30%
Bosnien und Herzegowina
29%
Chile
29%
Estland
29%
Kasachstan
29%
Marokko
29%
Mongolei
29%
Neuseeland
29%
Rumänien
29%
Saudi-Arabien
29%
Tunesien
29%
Belarus
28%
Bolivien
28%
Bulgarien
28%
Indonesien
28%
Irak
28%
Israel
28%
Kolumbien
28%
Kosovo
28%
Lettland
28%
Libyen
28%
Litauen
28%
Mali
28%
Monaco
28%
Niger
28%
Pakistan
28%
Panama
28%
Peru
28%
Sudan
28%
Syrien
28%
Tschad
28%
Zypern
28%
Afghanistan
27%
Andorra
27%
Angola
27%
Armenien
27%
Aserbaidschan
27%
Äthiopien
27%
Bahamas
27%
Belize
27%
Botswana
27%
Costa Rica
27%
Ecuador
27%
El Salvador
27%
Eswatini
27%
Fidschi
27%
Georgien
27%
Ghana
27%
Guatemala
27%
Haiti
27%
Honduras
27%
Jamaika
27%
Jemen
27%
Jordanien
27%
Kamerun
27%
Kenia
27%
Kirgisistan
27%
Kiribati
27%
Kuba
27%
Laos
27%
Lesotho
27%
Libanon
27%
Madagaskar
27%
Malaysia
27%
Moldawien
27%
Montenegro
27%
Mosambik
27%
Namibia
27%
Nepal
27%
Nicaragua
27%
Nigeria
27%
Nordkorea
27%
Nordmazedonien
27%
Oman
27%
Palau
27%
Papua-Neuguinea
27%
Paraguay
27%
Philippinen
27%
Sambia
27%
Samoa
27%
Senegal
27%
Singapur
27%
Somalia
27%
Südkorea
27%
Südsudan
27%
Suriname
27%
Tadschikistan
27%
Taiwan
27%
Tansania
27%
Thailand
27%
Togo
27%
Tonga
27%
Turkmenistan
27%
Tuvalu
27%
Uganda
27%
Uruguay
27%
Usbekistan
27%
Venezuela
27%
Vereinigte Arabische Emirate
27%
Vietnam
27%
Zentralafrikanische Republik
27%
Antigua und Barbuda
26%
Äquatorial-Guinea
26%
Bahrain
26%
Bangladesch
26%
Barbados
26%
Benin
26%
Bhutan
26%
Brunei
26%
Burkina Faso
26%
Burundi
26%
Dominica
26%
Dominikanische Republik
26%
Dschibuti
26%
Elfenbeinküste
26%
Eritrea
26%
Föderierte Staaten von Mikronesien
26%
Gabun
26%
Gambia
26%
Grenada
26%
Guinea
26%
Guinea-Bissau
26%
Guyana
26%
Kambodscha
26%
Kap Verde
26%
Katar
26%
Komoren
26%
Kuwait
26%
Liberia
26%
Malawi
26%
Malediven
26%
Marshallinseln
26%
Mauretanien
26%
Mauritius
26%
Myanmar
26%
Nauru
26%
Osttimor
26%
Ruanda
26%
Salomonen
26%
São Tomé und Príncipe
26%
Seychellen
26%
Sierra Leone
26%
Simbabwe
26%
Sri Lanka
26%
St. Kitts und Nevis
26%
St. Lucia
26%
St. Vincent und die Grenadinen
26%
Trinidad und Tobago
26%
Vanuatu
26%
Verstecktes Land
26%

Verteilung der Resultate

Perzentil nach korrekt beantworteten Fragen

Anzahl Personen mit jedem Resultat

Ihre Resultats-Entwicklung

Sie haben dieses Quiz seit der letzten Aktualisierung nicht gespielt